Datum a čas kvízu
15.5
Celkem bodů
Celkový počet nahraných bodů na tomto kvízu bez doplňovacích otázek.
10.
Pořadí na kvízu
Konečné umístění týmu na tomto kvízu.
Zaznamenané odpovědi
| # | Otázka | Odpověď | Body | Výsledky |
|---|---|---|---|---|
| 1. | Čím konkrétně se na úterním za... | měli na sobě kroje | 0 | |
| 2. | Nepříjemný závěr své cesty zaž... | olympijské hry v Paříži | 0 | |
| 3. | Česká národní banka vydala stř... | Bedřich Smetana | 0 | |
| 4. | Minulý týden byl ohlášen defin... | vývojem elektromobilu (automobilu) | 1 | |
| 5. | Který zahraniční fotbalista do... | Cristiano Ronaldo | 0 | |
| 6. | Napište český i latinský název... | kost stehenní, femur (os femoris) | 1 | |
| 7. | Ve kterém kraji České republik... | v Královéhradeckém | 0 | |
| 8. | Hlavní postava seriálu Sběrate... | Booth | 0 | |
| 9. | Kterému zvířeti patří tato kos... | hrochovi | 1 | |
| 10. | V září roku 2012 byla pod park... | Richard III. | 0 |